| 000 | 00807nam a2200241 a 4500 | ||
|---|---|---|---|
| 008 | 951027s1990||||[C 0 slo c | ||
| 020 |
_a808517491X _c41 |
||
| 040 |
_aSNK _bslo _cSNK _eAACR2 |
||
| 041 | 1 |
_aslo _hslo |
|
| 044 |
_axo _cSK |
||
| 080 | _a943.72+943.76"04/09" | ||
| 080 | _a943.76"04/09" | ||
| 080 | _a943.76"04/09" | ||
| 100 | 1 |
_aRatkoš, Peter _4aut |
|
| 245 | 1 | 0 |
_aSlovensko v dobe veľkomoravskej _cPeter Ratkoš ; Pavol Rozložník |
| 250 | _a2., vyd. | ||
| 260 |
_aKošice _bVýchodoslovenské vydavateľstvo _c1990 _eKošice _fVýchodoslovenské tlačiarne |
||
| 300 |
_a210 s., 18,79 AH _bFot. _c24 cm |
||
| 490 | 0 | _aHistória | |
| 500 | _aLit. 213. Rus., nem. a maď. res. 213 zázn. v slov., češ., ruš., nem., franc. a poľ. | ||
| 700 | 1 |
_aRozložník, Pavol _4bkd |
|
| 958 | _aA | ||
| 999 |
_c19224 _d19224 |
||